<?xml version="1.0" encoding="UTF-8"?>
<record
    xmlns:xsi="http://www.w3.org/2001/XMLSchema-instance"
    xsi:schemaLocation="http://www.loc.gov/MARC21/slim http://www.loc.gov/standards/marcxml/schema/MARC21slim.xsd"
    xmlns="http://www.loc.gov/MARC21/slim">

  <leader>00807nam a2200193 i 4500</leader>
  <controlfield tag="001">52602</controlfield>
  <controlfield tag="003">ES-MaACL</controlfield>
  <controlfield tag="005">20230906162617.0</controlfield>
  <controlfield tag="007">t|</controlfield>
  <controlfield tag="008">030901s1908    fr           ||||1| fre d</controlfield>
  <datafield tag="100" ind1="1" ind2=" ">
    <subfield code="a">Chervin, Arthur (</subfield>
    <subfield code="d">1850-1921)</subfield>
    <subfield code="9">38379</subfield>
  </datafield>
  <datafield tag="245" ind1="1" ind2="0">
    <subfield code="a">Anthropologie bolivienne / </subfield>
    <subfield code="c">par Arthur Chervin.</subfield>
  </datafield>
  <datafield tag="260" ind1=" " ind2=" ">
    <subfield code="a">Paris : </subfield>
    <subfield code="b">Librairie H. le Soudier, </subfield>
    <subfield code="c">1908 (</subfield>
    <subfield code="f">Imp. Nationale)</subfield>
  </datafield>
  <datafield tag="300" ind1=" " ind2=" ">
    <subfield code="a">3 v., 159 l&#xE1;m. : </subfield>
    <subfield code="b">il. ; </subfield>
    <subfield code="c">28 cm.</subfield>
  </datafield>
  <datafield tag="505" ind1="8" ind2=" ">
    <subfield code="a">Contiene: t. 1. Ethonologie, d&#xE9;mographie, photographie m&#xE9;trique (XL, 411 p., [16] h. de l&#xE1;m.) -- t. 2. Anthropom&#xE9;trie (435 p.) -- t. 3. (151 p.)</subfield>
  </datafield>
  <datafield tag="594" ind1=" " ind2=" ">
    <subfield code="a">Precede al t&#xED;tulo: Mission Scientifique G. de Cr&#xE9;qui Montfort et E. S&#xE9;n&#xE9;chal de la Grange.</subfield>
  </datafield>
  <datafield tag="650" ind1=" " ind2="4">
    <subfield code="a">Antropolog&#xED;a f&#xED;sica-</subfield>
    <subfield code="z">Bolivia.</subfield>
    <subfield code="9">153065</subfield>
  </datafield>
  <datafield tag="852" ind1=" " ind2=" ">
    <subfield code="a">ES-MaACL</subfield>
    <subfield code="j">F-11514-16</subfield>
  </datafield>
  <datafield tag="999" ind1=" " ind2=" ">
    <subfield code="c">52602</subfield>
    <subfield code="d">52602</subfield>
  </datafield>
  <datafield tag="952" ind1=" " ind2=" ">
    <subfield code="0">0</subfield>
    <subfield code="1">0</subfield>
    <subfield code="4">0</subfield>
    <subfield code="7">0</subfield>
    <subfield code="a">ATENEOM</subfield>
    <subfield code="b">ATENEOM</subfield>
    <subfield code="c">SPP2</subfield>
    <subfield code="d">2008-01-17</subfield>
    <subfield code="e">SC</subfield>
    <subfield code="l">0</subfield>
    <subfield code="o">F-11514-16</subfield>
    <subfield code="p">1055285</subfield>
    <subfield code="r">2023-02-23 00:00:00</subfield>
    <subfield code="w">2023-02-23</subfield>
    <subfield code="y">MONOGRAFIA</subfield>
  </datafield>
</record>
